000 00620nam a22001937a 4500
005 20251108175707.0
008 250721s2018 xx 000 0 ara d
082 1 4 _a631.4/ نغي
100 1 _aنغيمش، رزاق غازي
245 1 0 _aسؤال و جواب في تغذية النبات و خصوبة التربة /
264 1 _aعمان :
_bدار الرضوان للنشر والتوزيع،
_c2018.
300 _a184ص.
650 1 7 _aالتربة
650 1 7 _aالنباتات
650 1 7 _aتغذية النبات
650 1 7 _aالاسئلة و الاجوبة
942 _2ddc
_cBK
999 _c140150
_d140150